00733nam a2200193 a 4500020001500000040000700015041000800022082002600030100002000056245003800076260017100114300003900285500003000324650001000354700001900364942001000383999001700393952012900410 a0333574567 cUk1 hfre00a641 PUB 1993 C152 Or.1 aDegras, Lucien.14aThe yam :ba tropical root crop / aLondon and Basingstoke :bMacmillan ;aWageningen, Netherlands :bPublished in co-operation with the Technical Centre for Agricultural and Rural Co-operation,cc1993. axv, 408 p. :bill., maps ;c24 cm. aTranslation of: L'igname. 0aYams.1 aCoste, René. cAEDBB c18739d18739 0010406641_000000000000000_PUB_1993_C152_OR70983190aLBCbLBCd2020-01-17eA37718o641 PUB 1993 C152 Or.r2020-01-17yEK